LEADER 03437nam 22007455 450 001 9910483731503321 005 20251226195700.0 010 $a3-319-24249-0 024 7 $a10.1007/978-3-319-24249-1 035 $a(CKB)4340000000001116 035 $a(SSID)ssj0001584971 035 $a(PQKBManifestationID)16264204 035 $a(PQKBTitleCode)TC0001584971 035 $a(PQKBWorkID)14865391 035 $a(PQKB)10909453 035 $a(DE-He213)978-3-319-24249-1 035 $a(MiAaPQ)EBC6285648 035 $a(MiAaPQ)EBC5587363 035 $a(Au-PeEL)EBL5587363 035 $a(OCoLC)921302279 035 $a(PPN)190528494 035 $a(EXLCZ)994340000000001116 100 $a20150907d2015 u| 0 101 0 $aeng 135 $aurnn|008mamaa 181 $ctxt 182 $cc 183 $acr 200 10$aComputer Safety, Reliability, and Security $eSAFECOMP 2015 Workshops, ASSURE, DECSoS. ISSE, ReSA4CI, and SASSUR, Delft, The Netherlands, September 22, 2015, Proceedings /$fedited by Floor Koornneef, Coen van Gulijk 205 $a1st ed. 2015. 210 1$aCham :$cSpringer International Publishing :$cImprint: Springer,$d2015. 215 $a1 online resource (XXXVI, 422 p. 170 illus. in color.) 225 1 $aProgramming and Software Engineering,$x2945-9168 ;$v9338 300 $aIncludes index. 311 08$a3-319-24248-2 330 $aThis book constitutes the refereed proceedings of 5 workshops co-located with SAFECOMP 2015, the 34th International Conference on Computer Safety, Reliability, and Security, held in Delft, The Netherlands, in September 2015. The 36 revised full papers presented were carefully reviewed and selected from numerous submissions. This year?s workshop are: ASSURE 2015 - Assurance Cases for Software-intensive Systems; DECSoS'15 - EWICS/ERCIM/ARTEMIS Dependable Cyber-physical Systems and Systems-of-Systems Workshop; ISSE'15 - International workshop on the Integration of Safety and Security Engineering; ReSA4CI 2015 - International Workshop on Reliability and Security Aspects for Critical Infrastructure Protection; SASSUR 2015 - International Workshop on Next Generation of System Assurance Approaches for Safety-Critical Systems. . 410 0$aProgramming and Software Engineering,$x2945-9168 ;$v9338 606 $aComputer science 606 $aSoftware engineering 606 $aData protection 606 $aComputer engineering 606 $aComputer networks 606 $aComputer Science Logic and Foundations of Programming 606 $aSoftware Engineering 606 $aData and Information Security 606 $aComputer Engineering and Networks 615 0$aComputer science. 615 0$aSoftware engineering. 615 0$aData protection. 615 0$aComputer engineering. 615 0$aComputer networks. 615 14$aComputer Science Logic and Foundations of Programming. 615 24$aSoftware Engineering. 615 24$aData and Information Security. 615 24$aComputer Engineering and Networks. 676 $a004 702 $aKoornneef$b Floor$4edt$4http://id.loc.gov/vocabulary/relators/edt 702 $avan Gulijk$b Coen$4edt$4http://id.loc.gov/vocabulary/relators/edt 801 0$bMiAaPQ 801 1$bMiAaPQ 801 2$bMiAaPQ 906 $aBOOK 912 $a9910483731503321 996 $aComputer Safety, Reliability, and Security$92908259 997 $aUNINA